<?xml version="1.0" encoding="UTF-8"?>
<record
    xmlns:xsi="http://www.w3.org/2001/XMLSchema-instance"
    xsi:schemaLocation="http://www.loc.gov/MARC21/slim http://www.loc.gov/standards/marcxml/schema/MARC21slim.xsd"
    xmlns="http://www.loc.gov/MARC21/slim">

  <leader>01000cam a2200277 i 4500</leader>
  <datafield tag="999" ind1=" " ind2=" ">
    <subfield code="c">29846</subfield>
    <subfield code="d">29846</subfield>
  </datafield>
  <controlfield tag="001">3194618</controlfield>
  <controlfield tag="005">20181003092714.0</controlfield>
  <controlfield tag="008">780106s1980    nyua   j e    001 0 eng  </controlfield>
  <datafield tag="050" ind1="0" ind2="0">
    <subfield code="b">AE 5 .R69 1970</subfield>
  </datafield>
  <datafield tag="245" ind1="1" ind2="4">
    <subfield code="a">The junior encyclopedia /</subfield>
  </datafield>
  <datafield tag="260" ind1=" " ind2=" ">
    <subfield code="a">Singapore :</subfield>
    <subfield code="b">McGraw-Hill</subfield>
    <subfield code="c">c1970.</subfield>
  </datafield>
  <datafield tag="300" ind1=" " ind2=" ">
    <subfield code="a">Various pagings:</subfield>
    <subfield code="b">ill. ;</subfield>
    <subfield code="c">28 cm.</subfield>
  </datafield>
  <datafield tag="520" ind1=" " ind2=" ">
    <subfield code="a">An encyclopedia of subjects, including persons, places, events, institutions, foods, and holidays</subfield>
  </datafield>
  <datafield tag="651" ind1=" " ind2="0">
    <subfield code="a">Israel</subfield>
    <subfield code="x">Encyclopedias</subfield>
    <subfield code="v">Juvenile literature.</subfield>
  </datafield>
  <datafield tag="651" ind1=" " ind2="1">
    <subfield code="a">Israel</subfield>
    <subfield code="x">Encyclopedias.</subfield>
  </datafield>
  <datafield tag="906" ind1=" " ind2=" ">
    <subfield code="a">7</subfield>
    <subfield code="b">cbc</subfield>
    <subfield code="c">orignew</subfield>
    <subfield code="d">1</subfield>
    <subfield code="e">ocip</subfield>
    <subfield code="f">19</subfield>
    <subfield code="g">y-gencatlg</subfield>
  </datafield>
  <datafield tag="942" ind1=" " ind2=" ">
    <subfield code="2">lcc</subfield>
    <subfield code="c">REF_BOOK</subfield>
    <subfield code="h">AE 5 .R69 1970</subfield>
  </datafield>
  <datafield tag="952" ind1=" " ind2=" ">
    <subfield code="0">0</subfield>
    <subfield code="1">0</subfield>
    <subfield code="2">lcc</subfield>
    <subfield code="4">0</subfield>
    <subfield code="7">0</subfield>
    <subfield code="a">MUC</subfield>
    <subfield code="b">MUC</subfield>
    <subfield code="c">REF</subfield>
    <subfield code="d">2018-10-03</subfield>
    <subfield code="l">0</subfield>
    <subfield code="o">AE 5 .R69 1970 (19)</subfield>
    <subfield code="p">4710</subfield>
    <subfield code="r">2018-10-03</subfield>
    <subfield code="w">2018-10-03</subfield>
    <subfield code="y">REF_BOOK</subfield>
  </datafield>
  <datafield tag="952" ind1=" " ind2=" ">
    <subfield code="0">0</subfield>
    <subfield code="1">0</subfield>
    <subfield code="2">lcc</subfield>
    <subfield code="4">0</subfield>
    <subfield code="7">0</subfield>
    <subfield code="a">MUC</subfield>
    <subfield code="b">MUC</subfield>
    <subfield code="c">REF</subfield>
    <subfield code="d">2018-10-03</subfield>
    <subfield code="l">0</subfield>
    <subfield code="o">AE 5 .R69 1970 (20)</subfield>
    <subfield code="p">4714</subfield>
    <subfield code="r">2018-10-03</subfield>
    <subfield code="w">2018-10-03</subfield>
    <subfield code="y">REF_BOOK</subfield>
  </datafield>
  <datafield tag="952" ind1=" " ind2=" ">
    <subfield code="0">0</subfield>
    <subfield code="1">0</subfield>
    <subfield code="2">lcc</subfield>
    <subfield code="4">0</subfield>
    <subfield code="7">0</subfield>
    <subfield code="a">MUC</subfield>
    <subfield code="b">MUC</subfield>
    <subfield code="c">REF</subfield>
    <subfield code="d">2018-10-03</subfield>
    <subfield code="l">0</subfield>
    <subfield code="o">AE 5 .R69 1970 (6)</subfield>
    <subfield code="p">4699</subfield>
    <subfield code="r">2019-06-05</subfield>
    <subfield code="w">2018-10-03</subfield>
    <subfield code="y">REF_BOOK</subfield>
  </datafield>
  <datafield tag="952" ind1=" " ind2=" ">
    <subfield code="0">0</subfield>
    <subfield code="1">0</subfield>
    <subfield code="2">lcc</subfield>
    <subfield code="4">0</subfield>
    <subfield code="7">0</subfield>
    <subfield code="a">MUC</subfield>
    <subfield code="b">MUC</subfield>
    <subfield code="c">REF</subfield>
    <subfield code="d">2018-10-03</subfield>
    <subfield code="l">0</subfield>
    <subfield code="o">AE 5 .R69 1970 (18)</subfield>
    <subfield code="p">4713</subfield>
    <subfield code="r">2018-10-03</subfield>
    <subfield code="w">2018-10-03</subfield>
    <subfield code="y">REF_BOOK</subfield>
  </datafield>
  <datafield tag="952" ind1=" " ind2=" ">
    <subfield code="0">0</subfield>
    <subfield code="1">0</subfield>
    <subfield code="2">lcc</subfield>
    <subfield code="4">0</subfield>
    <subfield code="7">0</subfield>
    <subfield code="a">MUC</subfield>
    <subfield code="b">MUC</subfield>
    <subfield code="c">REF</subfield>
    <subfield code="d">2018-10-03</subfield>
    <subfield code="l">0</subfield>
    <subfield code="o">AE 5 .R69 1970 (17)</subfield>
    <subfield code="p">4712</subfield>
    <subfield code="r">2018-10-03</subfield>
    <subfield code="w">2018-10-03</subfield>
    <subfield code="y">REF_BOOK</subfield>
  </datafield>
  <datafield tag="952" ind1=" " ind2=" ">
    <subfield code="0">0</subfield>
    <subfield code="1">0</subfield>
    <subfield code="2">lcc</subfield>
    <subfield code="4">0</subfield>
    <subfield code="7">0</subfield>
    <subfield code="a">MUC</subfield>
    <subfield code="b">MUC</subfield>
    <subfield code="c">REF</subfield>
    <subfield code="d">2018-10-03</subfield>
    <subfield code="l">0</subfield>
    <subfield code="o">AE 5 .R69 1970 (16)</subfield>
    <subfield code="p">4709</subfield>
    <subfield code="r">2018-10-03</subfield>
    <subfield code="w">2018-10-03</subfield>
    <subfield code="y">REF_BOOK</subfield>
  </datafield>
  <datafield tag="952" ind1=" " ind2=" ">
    <subfield code="0">0</subfield>
    <subfield code="1">0</subfield>
    <subfield code="2">lcc</subfield>
    <subfield code="4">0</subfield>
    <subfield code="7">0</subfield>
    <subfield code="a">MUC</subfield>
    <subfield code="b">MUC</subfield>
    <subfield code="c">REF</subfield>
    <subfield code="d">2018-10-03</subfield>
    <subfield code="l">0</subfield>
    <subfield code="o">AE 5 .R69 1970 (15)</subfield>
    <subfield code="p">4720</subfield>
    <subfield code="r">2018-10-03</subfield>
    <subfield code="w">2018-10-03</subfield>
    <subfield code="y">REF_BOOK</subfield>
  </datafield>
  <datafield tag="952" ind1=" " ind2=" ">
    <subfield code="0">0</subfield>
    <subfield code="1">0</subfield>
    <subfield code="2">lcc</subfield>
    <subfield code="4">0</subfield>
    <subfield code="7">0</subfield>
    <subfield code="a">MUC</subfield>
    <subfield code="b">MUC</subfield>
    <subfield code="c">REF</subfield>
    <subfield code="d">2018-10-03</subfield>
    <subfield code="l">0</subfield>
    <subfield code="o">AE 5 .R69 1970 (14)</subfield>
    <subfield code="p">4708</subfield>
    <subfield code="r">2018-10-03</subfield>
    <subfield code="w">2018-10-03</subfield>
    <subfield code="y">REF_BOOK</subfield>
  </datafield>
  <datafield tag="952" ind1=" " ind2=" ">
    <subfield code="0">0</subfield>
    <subfield code="1">0</subfield>
    <subfield code="2">lcc</subfield>
    <subfield code="4">0</subfield>
    <subfield code="7">0</subfield>
    <subfield code="a">MUC</subfield>
    <subfield code="b">MUC</subfield>
    <subfield code="c">REF</subfield>
    <subfield code="d">2018-10-03</subfield>
    <subfield code="l">0</subfield>
    <subfield code="o">AE 5 .R69 1970 (13)</subfield>
    <subfield code="p">4707</subfield>
    <subfield code="r">2019-06-05</subfield>
    <subfield code="w">2018-10-03</subfield>
    <subfield code="y">REF_BOOK</subfield>
  </datafield>
  <datafield tag="952" ind1=" " ind2=" ">
    <subfield code="0">0</subfield>
    <subfield code="1">0</subfield>
    <subfield code="2">lcc</subfield>
    <subfield code="4">0</subfield>
    <subfield code="7">0</subfield>
    <subfield code="a">MUC</subfield>
    <subfield code="b">MUC</subfield>
    <subfield code="c">REF</subfield>
    <subfield code="d">2018-10-03</subfield>
    <subfield code="l">0</subfield>
    <subfield code="o">AE 5 .R69 1970 (12)</subfield>
    <subfield code="p">4706</subfield>
    <subfield code="r">2018-10-03</subfield>
    <subfield code="w">2018-10-03</subfield>
    <subfield code="y">REF_BOOK</subfield>
  </datafield>
  <datafield tag="952" ind1=" " ind2=" ">
    <subfield code="0">0</subfield>
    <subfield code="1">0</subfield>
    <subfield code="2">lcc</subfield>
    <subfield code="4">0</subfield>
    <subfield code="7">0</subfield>
    <subfield code="a">MUC</subfield>
    <subfield code="b">MUC</subfield>
    <subfield code="c">REF</subfield>
    <subfield code="d">2018-10-03</subfield>
    <subfield code="l">0</subfield>
    <subfield code="o">AE 5 .R69 1970 (11)</subfield>
    <subfield code="p">4711</subfield>
    <subfield code="r">2019-06-05</subfield>
    <subfield code="w">2018-10-03</subfield>
    <subfield code="y">REF_BOOK</subfield>
  </datafield>
  <datafield tag="952" ind1=" " ind2=" ">
    <subfield code="0">0</subfield>
    <subfield code="1">0</subfield>
    <subfield code="2">lcc</subfield>
    <subfield code="4">0</subfield>
    <subfield code="7">0</subfield>
    <subfield code="a">MUC</subfield>
    <subfield code="b">MUC</subfield>
    <subfield code="c">REF</subfield>
    <subfield code="d">2018-10-03</subfield>
    <subfield code="l">0</subfield>
    <subfield code="o">AE 5 .R69 1970 (10)</subfield>
    <subfield code="p">4705</subfield>
    <subfield code="r">2018-10-03</subfield>
    <subfield code="w">2018-10-03</subfield>
    <subfield code="y">REF_BOOK</subfield>
  </datafield>
  <datafield tag="952" ind1=" " ind2=" ">
    <subfield code="0">0</subfield>
    <subfield code="1">0</subfield>
    <subfield code="2">lcc</subfield>
    <subfield code="4">0</subfield>
    <subfield code="7">0</subfield>
    <subfield code="a">MUC</subfield>
    <subfield code="b">MUC</subfield>
    <subfield code="c">REF</subfield>
    <subfield code="d">2018-10-03</subfield>
    <subfield code="l">0</subfield>
    <subfield code="o">AE 5 .R69 1970 (9)</subfield>
    <subfield code="p">4698</subfield>
    <subfield code="r">2018-10-03</subfield>
    <subfield code="w">2018-10-03</subfield>
    <subfield code="y">REF_BOOK</subfield>
  </datafield>
  <datafield tag="952" ind1=" " ind2=" ">
    <subfield code="0">0</subfield>
    <subfield code="1">0</subfield>
    <subfield code="2">lcc</subfield>
    <subfield code="4">0</subfield>
    <subfield code="7">0</subfield>
    <subfield code="a">MUC</subfield>
    <subfield code="b">MUC</subfield>
    <subfield code="c">REF</subfield>
    <subfield code="d">2018-10-03</subfield>
    <subfield code="l">0</subfield>
    <subfield code="o">AE 5 .R69 1970 (8)</subfield>
    <subfield code="p">4701</subfield>
    <subfield code="r">2018-10-03</subfield>
    <subfield code="w">2018-10-03</subfield>
    <subfield code="y">REF_BOOK</subfield>
  </datafield>
  <datafield tag="952" ind1=" " ind2=" ">
    <subfield code="0">0</subfield>
    <subfield code="1">0</subfield>
    <subfield code="2">lcc</subfield>
    <subfield code="4">0</subfield>
    <subfield code="7">0</subfield>
    <subfield code="a">MUC</subfield>
    <subfield code="b">MUC</subfield>
    <subfield code="c">REF</subfield>
    <subfield code="d">2018-10-03</subfield>
    <subfield code="l">0</subfield>
    <subfield code="o">AE 5 .R69 1970 (7)</subfield>
    <subfield code="p">4700</subfield>
    <subfield code="r">2018-10-03</subfield>
    <subfield code="w">2018-10-03</subfield>
    <subfield code="y">REF_BOOK</subfield>
  </datafield>
  <datafield tag="952" ind1=" " ind2=" ">
    <subfield code="0">0</subfield>
    <subfield code="1">0</subfield>
    <subfield code="2">lcc</subfield>
    <subfield code="4">0</subfield>
    <subfield code="7">0</subfield>
    <subfield code="a">MUC</subfield>
    <subfield code="b">MUC</subfield>
    <subfield code="c">REF</subfield>
    <subfield code="d">2018-10-03</subfield>
    <subfield code="l">0</subfield>
    <subfield code="o">AE 5 .R69 1970 (5)</subfield>
    <subfield code="p">4697</subfield>
    <subfield code="r">2018-10-03</subfield>
    <subfield code="w">2018-10-03</subfield>
    <subfield code="y">REF_BOOK</subfield>
  </datafield>
  <datafield tag="952" ind1=" " ind2=" ">
    <subfield code="0">0</subfield>
    <subfield code="1">0</subfield>
    <subfield code="2">lcc</subfield>
    <subfield code="4">0</subfield>
    <subfield code="7">0</subfield>
    <subfield code="a">MUC</subfield>
    <subfield code="b">MUC</subfield>
    <subfield code="c">REF</subfield>
    <subfield code="d">2018-10-03</subfield>
    <subfield code="l">0</subfield>
    <subfield code="o">AE 5 .R69 1970 (4)</subfield>
    <subfield code="p">4696</subfield>
    <subfield code="r">2019-06-05</subfield>
    <subfield code="w">2018-10-03</subfield>
    <subfield code="y">REF_BOOK</subfield>
  </datafield>
  <datafield tag="952" ind1=" " ind2=" ">
    <subfield code="0">0</subfield>
    <subfield code="1">0</subfield>
    <subfield code="2">lcc</subfield>
    <subfield code="4">0</subfield>
    <subfield code="7">0</subfield>
    <subfield code="a">MUC</subfield>
    <subfield code="b">MUC</subfield>
    <subfield code="c">REF</subfield>
    <subfield code="d">2018-10-03</subfield>
    <subfield code="l">0</subfield>
    <subfield code="o">AE 5 .R69 1970 (3)</subfield>
    <subfield code="p">4702</subfield>
    <subfield code="r">2018-10-03</subfield>
    <subfield code="w">2018-10-03</subfield>
    <subfield code="y">REF_BOOK</subfield>
  </datafield>
  <datafield tag="952" ind1=" " ind2=" ">
    <subfield code="0">0</subfield>
    <subfield code="1">0</subfield>
    <subfield code="2">lcc</subfield>
    <subfield code="4">0</subfield>
    <subfield code="7">0</subfield>
    <subfield code="a">MUC</subfield>
    <subfield code="b">MUC</subfield>
    <subfield code="c">REF</subfield>
    <subfield code="d">2018-10-03</subfield>
    <subfield code="l">0</subfield>
    <subfield code="o">AE 5 .R69 1970 (2)</subfield>
    <subfield code="p">4703</subfield>
    <subfield code="r">2018-10-03</subfield>
    <subfield code="w">2018-10-03</subfield>
    <subfield code="y">REF_BOOK</subfield>
  </datafield>
  <datafield tag="952" ind1=" " ind2=" ">
    <subfield code="0">0</subfield>
    <subfield code="1">0</subfield>
    <subfield code="2">lcc</subfield>
    <subfield code="4">0</subfield>
    <subfield code="7">0</subfield>
    <subfield code="a">MUC</subfield>
    <subfield code="b">MUC</subfield>
    <subfield code="c">REF</subfield>
    <subfield code="d">2018-10-03</subfield>
    <subfield code="l">0</subfield>
    <subfield code="o">AE 5 .R69 1970 (1)</subfield>
    <subfield code="p">4704</subfield>
    <subfield code="r">2019-06-05</subfield>
    <subfield code="w">2018-10-03</subfield>
    <subfield code="y">REF_BOOK</subfield>
  </datafield>
</record>
